000
00331nam a22001457a 4500
008
221006b ||||| |||| 00| 0 eng d
020
_a
9780803630413
041
_a
eng
080
_2
9th edition
_a
610.73
082
_a
610.73 DOE
100
_a
5
101
_a
INF
245
_a
NURSING CARE PLANS
_c
DOENGES M.E
942
_2
udc
_c
BK
999
_c
58384
_d
58384